Statystyki dla Dzielnice Bytomia

Kliknij tutaj aby rozwiązać quiz!

Ogólne statystyki

  • Ten quiz został rozwiązany 195 razy
  • Średni wynik to 6 z 10

Statystyki odpowiedzi

Dzielnice% Poprawnych
Centrum
78%
Bobrek
76%
Szombierki
75%
Karb
73%
Miechowice
67%
Stroszek
60%
Rozbark
58%
Łagiewniki
55%
Stolarzowice
44%
Sucha Góra
39%

Rozkład punktacji

Percentyl według liczby udzielonych odpowiedzi

Procent ludzi z każdym wynikiem

Twoja historia wyników

Nie rozwiązałeś tego quizu